[Event "Catania weekend op 9th"]
[Site "Catania"]
[Date "2005.02.20"]
[Round "5"]
[White "Santagati, Alessandro"]
[Black "Avola, Salvatore"]
[Result "1/2-1/2"]
[WhiteElo "2107"]
[BlackElo "1957"]
[PlyCount "73"]
[EventDate "2005.02.12"]
[EventType "swiss"]
[EventRounds "6"]
[EventCountry "ITA"]
[SourceTitle "EXT 2007"]
[Source "ChessBase"]
[SourceDate "2006.11.23"]
[SourceVersion "1"]
[SourceVersionDate "2006.11.23"]
[SourceQuality "1"]

1. d4 d5 2. c4 Bf5 3. Nc3 e6 4. Nf3 Nc6 5. c5 Nf6 6. Qa4 Nd7 7. Bf4 a6 8. e3 Be7 9. Be2 0-0 10. 0-0 f6 11. Nh4 Bg6 12. Nxg6 hxg6 13. Bg3 f5 14. b4 Bh4 15. Qb3 Bxg3 16. hxg3 Kf7 17. f3 Rh8 18. Kf2 Qf6 19. Rad1 f4 20. gxf4 Rh2 21. Rg1 Qh4+ 22. Kf1 Qg3 23. Bd3 Rah8 24. Ne2 Qh4 25. Qb1 Ne7 26. a4 Nf6 27. g3 Qh3+ 28. Ke1 Nh5 29. Qc1 Rg2 30. Kd2 Qxg3 31. Rdf1 Nf5 32. Kc3 Qh3 33. Rh1 Rh2 34. Bxf5 gxf5 35. Rxh2 Qxh2 36. Qe1 Rh6 37. Qf2 1/2-1/2

[Event "Catania weekend op 9th"]
[Site "Catania"]
[Date "2005.02.13"]
[Round "2"]
[White "Imbraguglia, Fabio"]
[Black "Avola, Salvatore"]
[Result "1-0"]
[WhiteElo "2036"]
[BlackElo "1957"]
[PlyCount "101"]
[EventDate "2005.02.12"]
[EventType "swiss"]
[EventRounds "6"]
[EventCountry "ITA"]
[SourceTitle "EXT 2007"]
[Source "ChessBase"]
[SourceDate "2006.11.23"]
[SourceVersion "1"]
[SourceVersionDate "2006.11.23"]
[SourceQuality "1"]

1. d4 d5 2. c4 Bf5 3. cxd5 Bxb1 4. Qa4+ c6 5. dxc6 Nxc6 6. Rxb1 Qxd4 7. Qxd4 Nxd4 8. Nf3 Nc2+ 9. Kd1 Nb4 10. a3 Nc6 11. e3 g6 12. Bb5 Bg7 13. Bxc6+ bxc6 14. b4 e6 15. Bb2 Bxb2 16. Rxb2 Ne7 17. Ke2 f6 18. Nd4 e5 19. Nb3 Rd8 20. Rd1 Rxd1 21. Kxd1 Nd5 22. Rd2 Ke7 23. Kc2 Rc8 24. Nc5 Nb6 25. Kc3 Rc7 26. e4 Nc8 27. Na6 Rb7 28. Nc5 Rc7 29. f3 Nd6 30. a4 Nb7 31. Nxb7 Rxb7 32. Kc4 Rd7 33. Rxd7+ Kxd7 34. Kc5 Kc7 35. g3 Kd7 36. f4 Kc7 37. fxe5 fxe5 38. b5 cxb5 39. axb5 Kb7 40. Kd5 Kb6 41. Kxe5 Kxb5 42. Kd6 a5 43. e5 a4 44. e6 a3 45. e7 a2 46. e8Q+ Kb4 47. Qa8 Kb3 48. Ke6 Kb2 49. Kf7 a1Q 50. Qxa1+ Kxa1 51. Kg7 1-0

[Event "Catania weekend op 9th"]
[Site "Catania"]
[Date "2005.02.12"]
[Round "1"]
[White "Russo, Carmelo"]
[Black "Avola, Salvatore"]
[Result "0-1"]
[WhiteElo "1767"]
[BlackElo "1957"]
[PlyCount "82"]
[EventDate "2005.02.12"]
[EventType "swiss"]
[EventRounds "6"]
[EventCountry "ITA"]
[SourceTitle "EXT 2007"]
[Source "ChessBase"]
[SourceDate "2006.11.23"]
[SourceVersion "1"]
[SourceVersionDate "2006.11.23"]
[SourceQuality "1"]

1. Nf3 f5 2. d4 e6 3. g3 b6 4. Bg2 Bb7 5. 0-0 Be7 6. c4 Nf6 7. Nc3 d6 8. Qb3 Nc6 9. Ng5 Nxd4 10. Qa4+ b5 11. cxb5 Bxg2 12. Kxg2 e5 13. e3 h6 14. exd4 hxg5 15. dxe5 dxe5 16. Bxg5 Kf8 17. Rad1 Qc8 18. Qa6 Qe8 19. Rh1 Qh5 20. Bxf6 Qh3+ 21. Kg1 gxf6 22. Qe6 Qh5 23. Qc6 Rc8 24. Rd7 f4 25. Qe6 Re8 26. Rxc7 fxg3 27. fxg3 Bc5+ 28. Rxc5 Rxe6 29. Rc7 Re7 30. Rc8+ Kf7 31. Rxh8 Qxh8 32. Kf2 Rd7 33. Ne4 Qa8 34. Re1 Qd5 35. a4 f5 36. Ng5+ Kf6 37. h4 e4 38. Nh3 Qb3 39. Nf4 Qf3+ 40. Kg1 Qxg3+ 41. Ng2 Rd2 0-1